[Event "MTO-2021"]
[Site "?"]
[Date "2021.??.??"]
[Round "9.112"]
[White "Haimovich Tal"]
[Black "Puranik Abhimanyu"]
[Result "0-1"]
[WhiteElo "2388"]
[BlackElo "2589"]
[PlyCount "78"]
[EventDate "2021.??.??"]
[WhiteTeam "Israel"]
[BlackTeam "Indien"]
[WhiteTeamCountry "ISR"]
[BlackTeamCountry "IND"]

1. e4 e6 2. d4 d5 3. Nc3 Bb4 4. e5 c5 5. Bd2 Ne7 6. a3 Bxc3 7. Bxc3 b6 8. b4
Qc7 9. Bb5+ Bd7 10. Bxd7+ Nxd7 11. Nf3 cxd4 12. Bxd4 Nc6 13. O-O O-O 14. Re1
Nxd4 15. Qxd4 Rfc8 16. Re2 Qc3 17. Qd1 a5 18. b5 Nc5 19. Re3 Qc4 20. Nd4 Rc7
21. Rb1 Rf8 22. Nc6 f6 23. c3 fxe5 24. Nxe5 Qf4 25. Nf3 Ne4 26. Qe1 Qf6 27. Rb3
Rfc8 28. Nd4 a4 29. Rb4 Rxc3 30. Rxc3 Nxc3 31. Nc6 h6 32. g3 g5 33. Qe3 Rf8 34.
f4 Ne4 35. Rxe4 dxe4 36. Qxe4 gxf4 37. gxf4 Qxf4 38. Ne7+ Kg7 39. Qg2+ Qg5 0-1

[Event "MTO-2021"]
[Site "?"]
[Date "2021.??.??"]
[Round "9.113"]
[White "Gschnitzer Adrian"]
[Black "Yuffa Daniil"]
[Result "0-1"]
[WhiteElo "2420"]
[BlackElo "2578"]
[PlyCount "85"]
[EventDate "2021.??.??"]
[WhiteTeam "Deutschland"]
[BlackTeam "Russland"]
[WhiteTeamCountry "GER"]
[BlackTeamCountry "RUS"]

1. d4 d5 2. c4 c6 3. Nf3 Nf6 4. Qc2 a6 5. Nbd2 Bg4 6. Ne5 Bh5 7. cxd5 cxd5 8.
Qb3 Nc6 9. Qxb7 Nxd4 10. Nb3 Rb8 11. Qxa6 Nc2+ 12. Kd1 Nxa1 13. Nxa1 Nd7 14.
Bf4 Rc8 15. f3 Nxe5 16. Bxe5 f6 17. Bc3 Kf7 18. e3 Ra8 19. Qb5 Rxa2 20. Nb3 e6
21. h4 Kg8 22. Nd4 Qc8 23. g4 Be8 24. Qb6 Bd7 25. Kd2 Bc5 26. Qb3 Ra1 27. Nc2
Ba4 28. Nxa1 Bxb3 29. Nxb3 Kf7 30. Bd3 Qc7 31. Nxc5 Qxc5 32. f4 h6 33. h5 Rd8
34. Bd4 Qb4+ 35. Bc3 Qb8 36. g5 hxg5 37. Bg6+ Kg8 38. fxg5 Qg3 39. gxf6 Qg2+
40. Kd3 Qxh1 41. f7+ Kh8 42. Kd4 Qh4+ 43. Ke5 0-1

[Event "MTO-2021"]
[Site "?"]
[Date "2021.??.??"]
[Round "9.114"]
[White "Valsecchi Alessio"]
[Black "Unuk Laura"]
[Result "1-0"]
[WhiteElo "2527"]
[BlackElo "2407"]
[PlyCount "51"]
[EventDate "2021.??.??"]
[WhiteTeam "Italien"]
[BlackTeam "Slowenien"]
[WhiteTeamCountry "ITA"]
[BlackTeamCountry "SLO"]

1. c4 Nf6 2. Nc3 e6 3. e4 d5 4. cxd5 exd5 5. e5 Ne4 6. Nf3 c6 7. d3 Nxc3 8.
bxc3 Bg4 9. h3 Bxf3 10. Qxf3 Qe7 11. d4 f6 12. Bd3 g6 13. O-O fxe5 14. dxe5 Nd7
15. Re1 Bg7 16. Rb1 O-O-O 17. Qg4 Rde8 18. Bg5 Qc5 19. Rxb7 Kxb7 20. Qxd7+ Ka8
21. Rb1 Rb8 22. Rxb8+ Rxb8 23. Be3 Qa5 24. Qxc6+ Rb7 25. Ba6 Qc7 26. Qxd5 1-0

[Event "MTO-2021"]
[Site "?"]
[Date "2021.??.??"]
[Round "9.115"]
[White "Eric Jovana"]
[Black "Tang Andrew"]
[Result "0-1"]
[WhiteElo "2250"]
[BlackElo "2525"]
[PlyCount "138"]
[EventDate "2021.??.??"]
[WhiteTeam "Serbien"]
[BlackTeam "Vereinigte Staaten"]
[WhiteTeamCountry "SRB"]
[BlackTeamCountry "USA"]

1. e4 e5 2. Nf3 Nc6 3. Bc4 Nf6 4. d3 h6 5. Bb3 d6 6. c3 g5 7. Be3 Bg7 8. O-O
O-O 9. Nbd2 Bg4 10. Re1 d5 11. Bc5 Re8 12. Ba4 Nd7 13. Ba3 d4 14. Qc2 dxc3 15.
bxc3 Qf6 16. h3 Bh5 17. Nh2 Nb6 18. Bb3 Qd8 19. Ndf1 Qd7 20. Ng3 Bg6 21. Qe2
Nd8 22. Rad1 Ne6 23. Qg4 Na4 24. Rc1 Nac5 25. Bxc5 Nxc5 26. Qxd7 Nxd7 27. Nf5
Nc5 28. Bc2 Rad8 29. Rcd1 Rd7 30. Ng4 h5 31. Ngh6+ Bxh6 32. Nxh6+ Kg7 33. Nf5+
Kf6 34. f3 Red8 35. Re3 h4 36. Nh6 Bh5 37. Nf5 Ne6 38. d4 Nf4 39. d5 Rh8 40.
Ree1 Bg6 41. Ne3 Ke7 42. c4 b6 43. Ba4 Rdd8 44. Nc2 Kd6 45. Nb4 f6 46. Rd2 a6
47. Nxa6 Ra8 48. Bb5 f5 49. exf5 Bxf5 50. a4 Bd7 51. c5+ bxc5 52. Nxc5 Kxc5 53.
Bxd7 Rhd8 54. Bc6 Rab8 55. Rxe5 Rb1+ 56. Kf2 Kc4 57. Re3 Kc5 58. Rc3+ Kb4 59.
Rcc2 Ka5 60. Rc4 Kb6 61. Re4 Rc1 62. Rb4+ Kc5 63. Rb7 Kd6 64. a5 Ra1 65. Rb5
Rf8 66. Bb7 Re8 67. a6 Nh5 68. f4 gxf4 69. Re2 Ng3 0-1

[Event "MTO-2021"]
[Site "?"]
[Date "2021.??.??"]
[Round "9.116"]
[White "NR Visakh"]
[Black "Vaishali R"]
[Result "1-0"]
[WhiteElo "2516"]
[BlackElo "2393"]
[PlyCount "51"]
[EventDate "2021.??.??"]
[WhiteTeam "Indien"]
[BlackTeam "Indien"]
[WhiteTeamCountry "IND"]
[BlackTeamCountry "IND"]

1. d4 d5 2. c4 c5 3. cxd5 Qxd5 4. Nf3 cxd4 5. Nc3 Qa5 6. Nxd4 Nf6 7. Nb3 Qc7 8.
g3 e5 9. Bg2 Bb4 10. O-O O-O 11. Bg5 Bxc3 12. Rc1 Bd7 13. Rxc3 Bc6 14. Bxf6
gxf6 15. Qc2 Kh8 16. Rc4 Rg8 17. Rh4 Rg6 18. Be4 Kg7 19. Qc1 Rg5 20. Rxh7+ Kg8
21. h4 Rxg3+ 22. fxg3 Qb6+ 23. Kh2 Bxe4 24. Rh5 Kf8 25. Rh8+ Ke7 26. Qc8 1-0

[Event "MTO-2021"]
[Site "?"]
[Date "2021.??.??"]
[Round "9.117"]
[White "Seul Georg"]
[Black "Korpa Bence"]
[Result "1/2-1/2"]
[WhiteElo "2372"]
[BlackElo "2536"]
[PlyCount "84"]
[EventDate "2021.??.??"]
[WhiteTeam "Deutschland"]
[BlackTeam "Ungarn"]
[WhiteTeamCountry "GER"]
[BlackTeamCountry "HUN"]

1. e4 d5 2. exd5 Qxd5 3. Nc3 Qd6 4. d4 c6 5. Nf3 Nf6 6. h3 Bf5 7. Nh4 Bg6 8.
Nxg6 hxg6 9. g3 e6 10. Bg2 Nbd7 11. Bf4 Qb4 12. O-O Qxb2 13. Qd3 Bb4 14. Bd2
Bxc3 15. Rab1 Qxa2 16. Bxc3 Qa6 17. Qxa6 bxa6 18. Bb4 Nd5 19. c4 Nxb4 20. Rxb4
Ke7 21. Ra1 Rab8 22. Rxb8 Rxb8 23. Rxa6 Rb1+ 24. Kh2 Rb4 25. c5 Rxd4 26. Rxa7
e5 27. Bxc6 Ke6 28. Ra5 Rc4 29. Bxd7+ Kxd7 30. Ra7+ Ke6 31. Rc7 g5 32. Kg2 e4
33. Kf1 Rc2 34. Kg1 g6 35. Kf1 f5 36. Rc6+ Kf7 37. Rc7+ Kf6 38. Rc6+ Kg7 39.
Rc7+ Kh6 40. c6 f4 41. Re7 g4 42. hxg4 fxg3 1/2-1/2

[Event "MTO-2021"]
[Site "?"]
[Date "2021.??.??"]
[Round "9.118"]
[White "Chithambaram Aravindh"]
[Black "Al Hosani Omran"]
[Result "1-0"]
[WhiteElo "2641"]
[BlackElo "2197"]
[PlyCount "105"]
[EventDate "2021.??.??"]
[WhiteTeam "Indien"]
[BlackTeam "Vereinigte Arabische Emirate"]
[WhiteTeamCountry "IND"]
[BlackTeamCountry "UAE"]

1. g3 d5 2. Nf3 Nc6 3. d4 Bg4 4. Bg2 Qd7 5. O-O O-O-O 6. c3 Bh3 7. b4 f6 8. b5
Na5 9. Qa4 b6 10. Nbd2 Kb8 11. c4 h5 12. c5 h4 13. Nb3 hxg3 14. fxg3 Nc4 15.
Qa6 Bxg2 16. Kxg2 e5 17. c6 Qh3+ 18. Kg1 Qc8 19. Qxc8+ Rxc8 20. dxe5 fxe5 21.
Bg5 Nf6 22. Rfd1 e4 23. Nfd2 Na3 24. Nd4 Ng4 25. h4 Bd6 26. Kg2 Be5 27. N2b3
Nc4 28. Rdc1 Rcf8 29. Rc3 e3 30. Rg1 Nd6 31. Rd3 Ne4 32. Nf3 Bxg3 33. Rxd5 Bf2
34. Rc1 Ngf6 35. Rd4 Nxg5 36. hxg5 Nh5 37. Rcc4 Ng3 38. Nc1 Nf5 39. Rd5 Nd6 40.
Rg4 a6 41. a4 axb5 42. axb5 Re8 43. Ne5 Rh4 44. Rxh4 Bxh4 45. Ncd3 Kc8 46. Rxd6
cxd6 47. Nc4 d5 48. Nd6+ Kd8 49. c7+ Kxc7 50. Nxe8+ Kd7 51. Nxg7 Bxg5 52. Kf3
Kd6 53. Nf5+ 1-0

[Event "MTO-2021"]
[Site "?"]
[Date "2021.??.??"]
[Round "9.119"]
[White "Papadiamandis Elliot"]
[Black "Shchekachev Andrei"]
[Result "0-1"]
[WhiteElo "2363"]
[BlackElo "2515"]
[PlyCount "96"]
[EventDate "2021.??.??"]
[WhiteTeam "Frankreich"]
[BlackTeam "Frankreich"]
[WhiteTeamCountry "FRA"]
[BlackTeamCountry "FRA"]

1. e4 c5 2. Nf3 e6 3. d4 cxd4 4. Nxd4 Nc6 5. Nc3 d6 6. g4 Nge7 7. Be3 a6 8. f4
b5 9. Bg2 Nxd4 10. Qxd4 Nc6 11. Qd2 Bb7 12. O-O-O Be7 13. Qf2 O-O 14. Bb6 Qc8
15. Rd3 Nb8 16. Ne2 b4 17. g5 Nd7 18. Bd4 e5 19. Be3 exf4 20. Bxf4 Ne5 21. Rg3
Ng6 22. Qd4 Qc5 23. Rd1 Nxf4 24. Nxf4 Bxg5 25. Rg4 Qxd4 26. Rxd4 Bh6 27. Rxd6
f5 28. exf5 Bxf4+ 29. Rxf4 Bxg2 30. f6 Rf7 31. Rg4 Bh3 32. Rxb4 Rxf6 33. Rxf6
gxf6 34. Rb7 f5 35. Kd2 f4 36. Rb4 Rd8+ 37. Ke1 f3 38. Rf4 Rf8 39. Rxf8+ Kxf8
40. Kf2 Bf5 41. Kxf3 Bxc2 42. Kf4 Kg7 43. Kg4 Kg6 44. b4 Bb1 45. a4 Bf5+ 46.
Kf4 Bd7 47. b5 axb5 48. axb5 Bxb5 0-1

[Event "MTO-2021"]
[Site "?"]
[Date "2021.??.??"]
[Round "9.120"]
[White "Dordzhieva Dinara"]
[Black "Bänziger Fabian"]
[Result "1/2-1/2"]
[WhiteElo "2311"]
[BlackElo "2392"]
[PlyCount "48"]
[EventDate "2021.??.??"]
[WhiteTeam "Russland"]
[BlackTeam "Schweiz"]
[WhiteTeamCountry "RUS"]
[BlackTeamCountry "SUI"]

1. d4 d5 2. Nf3 Nf6 3. c4 c6 4. g3 Bg4 5. Ne5 Bf5 6. Qb3 Qb6 7. cxd5 Qxb3 8.
axb3 Nxd5 9. Bg2 Nb4 10. O-O f6 11. Nc4 N8a6 12. Bd2 e6 13. Bc3 O-O-O 14. Nbd2
Kb8 15. Ne4 Bg6 16. Rfd1 Be7 17. h4 h5 18. Bd2 Nc7 19. e3 Rhe8 20. Rac1 Na2 21.
Ra1 Nb4 22. Rac1 Ncd5 23. Be1 Bf8 24. Bf3 Be7 1/2-1/2

[Event "MTO-2021"]
[Site "?"]
[Date "2021.??.??"]
[Round "9.122"]
[White "Tahay Alexis"]
[Black "Sultan Ibrahim"]
[Result "1-0"]
[WhiteElo "2349"]
[BlackElo "2076"]
[PlyCount "77"]
[EventDate "2021.??.??"]
[WhiteTeam "Frankreich"]
[BlackTeam "Vereinigte Arabische Emirate"]
[WhiteTeamCountry "FRA"]
[BlackTeamCountry "UAE"]

1. e4 e6 2. d4 d5 3. Nc3 Nf6 4. e5 Nfd7 5. f4 c5 6. Nf3 Nc6 7. Be3 cxd4 8. Nxd4
Bc5 9. Qd2 a6 10. Be2 O-O 11. O-O Nxd4 12. Bxd4 b5 13. Bf3 Bxd4+ 14. Qxd4 Qb6
15. Ne2 Bb7 16. a4 Qc7 17. axb5 axb5 18. Nc3 Bc6 19. Be2 b4 20. Nb5 Bxb5 21.
Bxb5 Qb6 22. Qxb6 Nxb6 23. Kf2 Rac8 24. Bd3 f6 25. exf6 Rxf6 26. Ke2 Rcf8 27.
g3 Nd7 28. Ke3 Nc5 29. Be2 b3 30. c3 Ne4 31. Bd3 Rh6 32. Bxe4 dxe4 33. Rf2 e5
34. f5 g6 35. f6 g5 36. Ra6 Rh5 37. Rb6 g4 38. Rxb3 Rc8 39. Rb4 1-0

[Event "MTO-2021"]
[Site "?"]
[Date "2021.??.??"]
[Round "9.123"]
[White "Mayrhuber Nikola"]
[Black "J Sai Agni Jeevitesh"]
[Result "0-1"]
[WhiteElo "2062"]
[BlackElo "2322"]
[PlyCount "138"]
[EventDate "2021.??.??"]
[WhiteTeam "Österreich"]
[BlackTeam "Indien"]
[WhiteTeamCountry "AUT"]
[BlackTeamCountry "IND"]

1. d4 d5 2. c4 c6 3. Nf3 Nf6 4. Nbd2 Bf5 5. Nh4 Be4 6. f3 Bg6 7. e3 e6 8. Qb3
Qc7 9. Be2 Bd6 10. f4 Nbd7 11. O-O O-O 12. Nxg6 hxg6 13. Qc2 c5 14. cxd5 Nxd5
15. Nf3 Rac8 16. Ne5 cxd4 17. Qxc7 Rxc7 18. exd4 Rfc8 19. a3 N7b6 20. Bd3 Ne7
21. Bd2 Nf5 22. Nf3 Nd5 23. g3 Nde3 24. Rfc1 Nc2 25. Bxc2 Rxc2 26. Bc3 Rxc1+
27. Rxc1 f6 28. Bd2 Rd8 29. Ba5 Rd7 30. Kf2 Kf7 31. Ke2 Ne7 32. Bd2 Nc6 33. Bc3
Bc7 34. Rd1 Rd5 35. Rd2 b5 36. Rc2 Bb6 37. Rd2 Ke8 38. Rd3 a5 39. b3 a4 40. b4
Ne7 41. Re3 Kd7 42. Kd3 Nf5 43. Re2 Kd6 44. Re4 Kd7 45. Re2 Nd6 46. Nd2 g5 47.
fxg5 Rxg5 48. Ne4 Nxe4 49. Rxe4 Rh5 50. Rg4 g5 51. h4 gxh4 52. Rxh4 Rg5 53. g4
Kc6 54. Ke4 Rxg4+ 55. Rxg4 f5+ 56. Ke5 fxg4 57. Be1 g3 58. Kxe6 Bxd4 59. Bxg3
Bb2 60. Be5 Bxa3 61. Bc3 Bc1 62. Ke5 a3 63. Ke4 Bb2 64. Kd3 Kd5 65. Kc2 Kc4 66.
Bxb2 axb2 67. Kb1 Kc3 68. Ka2 Kc2 69. Ka3 b1=R 0-1

[Event "MTO-2021"]
[Site "?"]
[Date "2021.??.??"]
[Round "9.124"]
[White "Löffler Markus"]
[Black "Manukonda Arun"]
[Result "1/2-1/2"]
[WhiteElo "2295"]
[BlackElo "2033"]
[PlyCount "70"]
[EventDate "2021.??.??"]
[WhiteTeam "Deutschland"]
[BlackTeam "Indien"]
[WhiteTeamCountry "GER"]
[BlackTeamCountry "IND"]

1. e4 c5 2. Nf3 d6 3. d4 cxd4 4. Nxd4 Nf6 5. Nc3 a6 6. h3 e5 7. Nde2 h5 8. Bg5
Be6 9. Bxf6 Qxf6 10. Nd5 Qd8 11. Qd3 Nd7 12. O-O-O g6 13. Kb1 Nc5 14. Qa3 Bg7
15. h4 b5 16. Nec3 Bd7 17. f3 Rb8 18. b4 a5 19. Qxa5 Qxa5 20. bxa5 b4 21. Nb5
O-O 22. Nxd6 Na4 23. Bc4 Nc3+ 24. Nxc3 bxc3+ 25. Ka1 Be6 26. Bxe6 fxe6 27. Rd3
Rfd8 28. Rhd1 Bf8 29. a6 Ra8 30. Nb5 Rdb8 31. Nc7 Ba3 32. Rb1 Rxb1+ 33. Kxb1
Rb8+ 34. Ka1 Bb2+ 35. Kb1 Ba3+ 1/2-1/2

[Event "MTO-2021"]
[Site "?"]
[Date "2021.??.??"]
[Round "9.125"]
[White "Blagojevic Tijana"]
[Black "Küng Nicolas"]
[Result "1-0"]
[WhiteElo "2222"]
[BlackElo "2005"]
[PlyCount "99"]
[EventDate "2021.??.??"]
[WhiteTeam "Serbien"]
[BlackTeam "Schweiz"]
[WhiteTeamCountry "SRB"]
[BlackTeamCountry "SUI"]

1. e4 c5 2. Nf3 Nc6 3. Bb5 e6 4. Bxc6 bxc6 5. O-O Ne7 6. Nc3 Ng6 7. Re1 e5 8.
Ne2 Be7 9. c3 O-O 10. d4 exd4 11. cxd4 d5 12. Qd3 Be6 13. dxc5 dxe4 14. Qxe4
Bd5 15. Qe3 Qa5 16. Bd2 Qxc5 17. Nc3 Qxe3 18. Rxe3 Be6 19. Nd4 Rfd8 20. Re4 c5
21. Nf3 Rab8 22. b3 Bf5 23. Ra4 Bf6 24. Rc1 Rd7 25. Ne4 Bxe4 26. Rxe4 Rbd8 27.
Ba5 Rd1+ 28. Re1 Rxc1 29. Rxc1 Rd5 30. Be1 Nf4 31. Kf1 Kf8 32. Rc4 Ne6 33. Bd2
Ke7 34. Be3 Bb2 35. Ke2 f5 36. g3 h6 37. Ra4 Rd7 38. h4 Bf6 39. Nd2 Nd4+ 40.
Kf1 Ke6 41. Ra6+ Kd5 42. Bxh6 Ne6 43. Be3 f4 44. gxf4 Bxh4 45. Ke2 Bf6 46. Kd3
Nd8 47. Ne4 Ne6 48. f3 Bd4 49. Bxd4 cxd4 50. Rxe6 1-0

[Event "MTO-2021"]
[Site "?"]
[Date "2021.??.??"]
[Round "9.126"]
[White "Vasquez Toledo Cristian"]
[Black "Doluhanova Evgeniya"]
[Result "0-1"]
[WhiteElo "2064"]
[BlackElo "2179"]
[PlyCount "182"]
[EventDate "2021.??.??"]
[WhiteTeam "Chile"]
[BlackTeam "Ukraine"]
[WhiteTeamCountry "CHI"]
[BlackTeamCountry "UKR"]

1. e4 e5 2. Nf3 Nc6 3. Bc4 Bc5 4. c3 Nf6 5. d3 h6 6. b4 Bd6 7. O-O O-O 8. Re1
a6 9. a4 Be7 10. Qb3 Nh7 11. Nbd2 d6 12. Ba3 Bd7 13. d4 Bf6 14. Bb2 Ng5 15. h3
Ne7 16. dxe5 dxe5 17. Bf1 Ng6 18. c4 Re8 19. Rad1 Qe7 20. a5 Nf4 21. Kh2 Qe6
22. Ng1 Qe7 23. g3 Ng6 24. Bg2 Ne6 25. Ne2 Red8 26. Nf1 Qe8 27. Qa3 Be7 28. Ne3
c6 29. Bc3 Bf8 30. Qb2 f6 31. Rd2 Nc7 32. Red1 Be6 33. h4 Rxd2 34. Qxd2 Qf7 35.
Qd3 Be7 36. Bh3 Rd8 37. Bxe6 Qxe6 38. Qc2 Rxd1 39. Qxd1 Nf8 40. Qd3 g6 41. f4
exf4 42. Nxf4 Qf7 43. Ng4 Kh7 44. Qd4 g5 45. Nh3 gxh4 46. gxh4 Ne8 47. e5 fxe5
48. Nxe5 Qf5 49. Ng4 Bd6+ 50. Kg2 Kg6 51. Nhf2 Ne6 52. Qe4 Qxe4+ 53. Nxe4 Be7
54. Ne5+ Kh7 55. Kg3 N8g7 56. Nf3 Nf5+ 57. Kh3 Ne3 58. c5 Nf4+ 59. Kh2 Nfd5 60.
Bd2 Nf1+ 61. Kh3 Nxd2 62. Nfxd2 Nxb4 63. Nc4 Nd3 64. Ncd6 Nxc5 65. Nxc5 Bxd6
66. Nxb7 Bb4 67. Nd8 c5 68. Nc6 h5 69. Kg3 Be1+ 70. Kf3 Bxh4 71. Nb8 Be1 72.
Nxa6 c4 73. Nc5 Bxa5 74. Ne4 Kg6 75. Ke3 h4 76. Kd4 Be1 77. Ke3 h3 78. Kf3 Kg7
79. Ng5 c3 80. Ne6+ Kf6 81. Nd4 Bh4 82. Nc2 Ke6 83. Ne3 Ke5 84. Ke2 Ke4 85. Nf1
c2 86. Kd2 Kf3 87. Kxc2 Kf2 88. Nh2 Bg3 89. Ng4+ Kf3 90. Kd3 Kxg4 91. Ke2 h2
0-1

[Event "MTO-2021"]
[Site "?"]
[Date "2021.??.??"]
[Round "9.127"]
[White "Gueci Tea"]
[Black "Dornieden Jonas"]
[Result "1-0"]
[WhiteElo "2179"]
[BlackElo "2001"]
[PlyCount "55"]
[EventDate "2021.??.??"]
[WhiteTeam "Italien"]
[BlackTeam "Schweiz"]
[WhiteTeamCountry "ITA"]
[BlackTeamCountry "SUI"]

1. e4 c5 2. Nf3 Nc6 3. Bb5 g6 4. c3 Bg7 5. d4 d5 6. dxc5 dxe4 7. Qxd8+ Kxd8 8.
Ng5 Ne5 9. Bf4 Nh6 10. Nxe4 a6 11. Be2 f5 12. Ng5 Nef7 13. Bc4 Nxg5 14. Bxg5
Ke8 15. Na3 e6 16. Rd1 Nf7 17. Be3 Bd7 18. O-O Rd8 19. Rd2 Ke7 20. Re1 Rhe8 21.
Bd4 e5 22. f4 Bh6 23. Bxe5 Kf8 24. Bxf7 Rxe5 25. Rxe5 Bxf4 26. Re8+ Bxe8 27.
Rxd8 Kxf7 28. Nc4 1-0

[Event "MTO-2021"]
[Site "?"]
[Date "2021.??.??"]
[Round "9.128"]
[White "Fecker Noah"]
[Black "Schweizer Simon"]
[Result "1-0"]
[WhiteElo "2309"]
[BlackElo "2142"]
[PlyCount "79"]
[EventDate "2021.??.??"]
[WhiteTeam "Schweiz"]
[BlackTeam "Japan"]
[WhiteTeamCountry "SUI"]
[BlackTeamCountry "JPN"]

1. e4 d5 2. exd5 Qxd5 3. Nc3 Qa5 4. d4 Nf6 5. Bc4 c6 6. Nf3 Bg4 7. h3 Bh5 8.
Bd2 e6 9. g4 Bg6 10. Ne5 Qb6 11. Qe2 Nbd7 12. O-O-O Nxe5 13. dxe5 Nd5 14. f4
O-O-O 15. Rhf1 Nxc3 16. Bxc3 Rxd1+ 17. Kxd1 Bb4 18. f5 Bxc3 19. bxc3 Qb1+ 20.
Kd2 Rd8+ 21. Bd3 Qxa2 22. fxg6 fxg6 23. Rf7 Rd7 24. Rxd7 Kxd7 25. Bc4 Qa3 26.
Qd3+ Ke7 27. Qd4 b6 28. g5 Ke8 29. Qg4 b5 30. Qxe6+ Kd8 31. Bd3 Qc5 32. Qg8+
Kc7 33. Qxg7+ Kb6 34. Qf6 b4 35. Qd8+ Kb7 36. Qd7+ Kb6 37. Qd4 bxc3+ 38. Ke3 a5
39. e6 a4 40. e7 1-0

[Event "MTO-2021"]
[Site "?"]
[Date "2021.??.??"]
[Round "9.129"]
[White "Heer Stephan"]
[Black "Salzgeber Frank"]
[Result "1-0"]
[WhiteElo "2063"]
[BlackElo "2183"]
[PlyCount "79"]
[EventDate "2021.??.??"]
[WhiteTeam "Schweiz"]
[BlackTeam "Schweiz"]
[WhiteTeamCountry "SUI"]
[BlackTeamCountry "SUI"]

1. Nf3 Nf6 2. g3 d5 3. Bg2 e6 4. O-O Be7 5. d3 O-O 6. Nbd2 c5 7. e4 Nc6 8. Re1
b5 9. e5 Nd7 10. c3 Bb7 11. Qe2 Qc7 12. Nf1 Rfc8 13. Bf4 Qd8 14. h4 a5 15. N1h2
b4 16. h5 h6 17. Qd2 Ra7 18. g4 bxc3 19. bxc3 a4 20. g5 hxg5 21. Nxg5 Ncxe5 22.
Nxe6 fxe6 23. Bxe5 Nxe5 24. Rxe5 Bf6 25. Rxe6 d4 26. c4 Bxg2 27. Kxg2 Rf7 28.
Rae1 Qd7 29. Qe2 Rcf8 30. Re8 Qc6+ 31. f3 Qb7 32. Qe6 Rxe8 33. Qxe8+ Rf8 34.
Qe6+ Kh8 35. Qe4 Qb2+ 36. Re2 Qc1 37. Ng4 Qg5 38. Qg6 Qc1 39. Re8 Qd2+ 40. Kh3
1-0

[Event "MTO-2021"]
[Site "?"]
[Date "2021.??.??"]
[Round "9.130"]
[White "Gomez Barrera Javiera Belen"]
[Black "Rakhmangulova Anastasiya"]
[Result "1/2-1/2"]
[WhiteElo "2083"]
[BlackElo "2167"]
[PlyCount "130"]
[EventDate "2021.??.??"]
[WhiteTeam "Chile"]
[BlackTeam "Ukraine"]
[WhiteTeamCountry "CHI"]
[BlackTeamCountry "UKR"]

1. e4 e6 2. d4 d5 3. Nc3 Nc6 4. e5 f6 5. Bb5 Bd7 6. Nf3 a6 7. Bxc6 Bxc6 8. Ne2
Qd7 9. c3 Bb5 10. a4 Bxe2 11. Qxe2 f5 12. h4 Nh6 13. a5 Nf7 14. b4 Be7 15. Bf4
g6 16. Nd2 Qc6 17. Qd3 h6 18. Nb3 O-O-O 19. Nc5 g5 20. Bd2 gxh4 21. Rb1 Bxc5
22. bxc5 Rdg8 23. Kf1 Rg4 24. f3 Rg6 25. Be1 Rhg8 26. Rb2 Qa4 27. Rxh4 Qa1 28.
Rc2 Nd8 29. c4 Qb1 30. Qc3 dxc4 31. Qxc4 Nc6 32. Qc3 Qb5+ 33. Kg1 Ne7 34. Rb2
Qc6 35. Qb3 Nd5 36. Kf1 f4 37. Kg1 Ne3 38. Rxf4 Nxg2 39. Rxg2 Rxg2+ 40. Kf1
Qb5+ 41. Qxb5 axb5 42. Rf6 Kd7 43. f4 R8g6 44. Rf7+ Kc6 45. f5 exf5 46. e6 Rg1+
47. Kf2 Rxe6 48. Kxg1 Rxe1+ 49. Kf2 Rd1 50. Rf6+ Kd7 51. Rf7+ Kd8 52. Rf8+ Ke7
53. Rb8 Kd7 54. Ke3 f4+ 55. Ke4 f3 56. Rf8 Re1+ 57. Kd3 Ra1 58. Ke4 b4 59. Rxf3
Kc6 60. Rf7 b3 61. d5+ Kb5 62. Rxc7 Ka6 63. c6 bxc6 64. Rc8 b2 65. Rxc6+ Kxa5
1/2-1/2

[Event "MTO-2021"]
[Site "?"]
[Date "2021.??.??"]
[Round "9.131"]
[White "Ferster Fabian"]
[Black "Kamber Bruno"]
[Result "1/2-1/2"]
[WhiteElo "2143"]
[BlackElo "2275"]
[PlyCount "87"]
[EventDate "2021.??.??"]
[WhiteTeam "Liechtenstein"]
[BlackTeam "Schweiz"]
[WhiteTeamCountry "LIE"]
[BlackTeamCountry "SUI"]

1. c4 e5 2. g3 Nf6 3. Bg2 h6 4. Nf3 e4 5. Nd4 d5 6. cxd5 Qxd5 7. Nb3 Qh5 8. h3
a5 9. Nc3 a4 10. Nd4 Bc5 11. e3 Qxd1+ 12. Kxd1 Bxd4 13. exd4 Nc6 14. Nxe4 Nxe4
15. Bxe4 Nxd4 16. d3 O-O 17. Be3 Rd8 18. Rc1 Nb5 19. Ke2 a3 20. b3 f5 21. Bg2
c6 22. Bb6 Re8+ 23. Kd2 Ra6 24. Bc5 Be6 25. Rhe1 Bf7 26. Rxe8+ Bxe8 27. Rc4 b6
28. Be3 c5 29. Bd5+ Kf8 30. Rf4 Bd7 31. Bc4 Ke7 32. Bxb5 Bxb5 33. Rxf5 Bd7 34.
Rf4 Bxh3 35. d4 g5 36. Re4+ Kd6 37. dxc5+ bxc5 38. Ra4 Rxa4 39. bxa4 Be6 40.
Kc3 Bxa2 41. Bc1 Bd5 42. Bxa3 h5 43. Bc1 g4 44. Be3 1/2-1/2

[Event "MTO-2021"]
[Site "?"]
[Date "2021.??.??"]
[Round "9.132"]
[White "Ammar Sedrani"]
[Black "Ohler Julius"]
[Result "1-0"]
[WhiteElo "2274"]
[BlackElo "2014"]
[PlyCount "93"]
[EventDate "2021.??.??"]
[WhiteTeam "Vereinigte Arabische Emirate"]
[BlackTeam "Deutschland"]
[WhiteTeamCountry "UAE"]
[BlackTeamCountry "GER"]

1. d4 Nf6 2. Bg5 Ne4 3. Bf4 c5 4. f3 Qa5+ 5. c3 Nf6 6. Nd2 cxd4 7. Nb3 Qb6 8.
Qxd4 Qxd4 9. cxd4 Nd5 10. Bd2 e6 11. e4 Nb6 12. a4 d5 13. a5 N6d7 14. Rc1 Kd8
15. Nh3 h6 16. Bd3 Bd6 17. O-O b6 18. f4 Ba6 19. Bxa6 Nxa6 20. e5 Bb4 21. f5
Ke7 22. fxe6 fxe6 23. Nf4 Rhc8 24. Ng6+ Ke8 25. Bxb4 Rxc1 26. Rxc1 Nxb4 27. h4
Nd3 28. Rc6 Kf7 29. h5 Nxb2 30. Rc7 Ke8 31. Nf4 Ke7 32. Rc6 Nf8 33. axb6 axb6
34. Rxb6 Na4 35. Rb7+ Nd7 36. Rc7 Ra6 37. Rc8 Rb6 38. Ng6+ Kf7 39. Nc5 Naxc5
40. dxc5 Rb8 41. Rc7 Ke8 42. c6 Rb1+ 43. Kh2 Nb6 44. Rb7 Kd8 45. Nf4 Rb4 46.
Nxe6+ Kc8 47. Rxg7 1-0

[Event "MTO-2021"]
[Site "?"]
[Date "2021.??.??"]
[Round "9.133"]
[White "Pahud Cédric"]
[Black "Schmid Christoph"]
[Result "0-1"]
[WhiteElo "2200"]
[BlackElo "2091"]
[PlyCount "126"]
[EventDate "2021.??.??"]
[WhiteTeam "Schweiz"]
[BlackTeam "Schweiz"]
[WhiteTeamCountry "SUI"]
[BlackTeamCountry "SUI"]

1. e4 e6 2. d4 d5 3. exd5 exd5 4. Nf3 Nc6 5. Bb5 Nge7 6. O-O a6 7. Ba4 g6 8.
Bg5 Qd6 9. Re1 b5 10. Bb3 Bg7 11. a4 Rb8 12. axb5 axb5 13. Qe2 Be6 14. Nc3 b4
15. Nb5 Qd7 16. Bf4 Rc8 17. h3 O-O 18. Ra6 Nb8 19. Ra7 Nbc6 20. Ra6 Nb8 21. Ra7
Nbc6 22. Rxc7 Rxc7 23. Nxc7 Nxd4 24. Nxd4 Bxd4 25. Nxe6 fxe6 26. Bg3 Bxb2 27.
Qxe6+ Qxe6 28. Rxe6 Nf5 29. Be5 Bd4 30. Bxd5 Bxe5 31. Rxe5+ Kg7 32. Bb3 Nd4 33.
Kf1 Rc8 34. Re4 Nxc2 35. Bxc2 Rxc2 36. Rxb4 h5 37. Rb6 Ra2 38. g3 Rc2 39. Kg2
Rc3 40. Ra6 Rb3 41. g4 hxg4 42. hxg4 Rc3 43. f3 Rb3 44. Kg3 Rb4 45. Kh4 Rf4 46.
Kg3 Rb4 47. f4 Rb7 48. Kh4 Rc7 49. Kg5 Rc5+ 50. f5 gxf5 51. Ra7+ Kg8 52. gxf5
Rc6 53. Re7 Kf8 54. Re6 Rxe6 55. fxe6 Ke7 56. Kf5 Ke8 57. Ke4 Ke7 58. Ke5 Ke8
59. Kf6 Kf8 60. Ke5 Ke7 61. Kd5 Ke8 62. Kd6 Kd8 63. e7+ Ke8 0-1

[Event "MTO-2021"]
[Site "?"]
[Date "2021.??.??"]
[Round "9.134"]
[White "Paladini Jean-Michel"]
[Black "Zimmermann Luc"]
[Result "1/2-1/2"]
[WhiteElo "2084"]
[BlackElo "2151"]
[PlyCount "80"]
[EventDate "2021.??.??"]
[WhiteTeam "Schweiz"]
[BlackTeam "Niederlande"]
[WhiteTeamCountry "SUI"]
[BlackTeamCountry "NED"]

1. c4 e5 2. g3 Nf6 3. Bg2 c6 4. d4 e4 5. d5 Bb4+ 6. Bd2 Qe7 7. Nc3 O-O 8. Nh3
cxd5 9. cxd5 d6 10. O-O Bc5 11. Bg5 Re8 12. Nf4 Bf5 13. Na4 h6 14. Bxf6 Qxf6
15. e3 Nd7 16. Rc1 b5 17. Nxc5 Nxc5 18. b4 Na4 19. Qb3 Bg4 20. Rfe1 Nb2 21. Rc2
Nc4 22. h3 Bf3 23. Bf1 g5 24. Ne2 Bxe2 25. Bxe2 Ne5 26. Rec1 a6 27. Rc7 Qg6 28.
Qd1 Rf8 29. R1c3 f5 30. Bh5 Qf6 31. Qc2 Nd3 32. a3 f4 33. exf4 gxf4 34. g4 Qd4
35. Re7 Qxd5 36. Rcc7 Qd4 37. Qa2+ d5 38. Bf7+ Rxf7 39. Rxf7 e3 40. Rg7+ Kh8
1/2-1/2